makeup brands - Statistics

General Stats
  • This quiz has been taken 30 times
  • The average score is 4 of 32
Answer Stats
cosmetic brands i own % Correct
maybelline
69%
l'oreal
58%
elf
54%
charlotte tilbury
42%
essence
23%
sephora
23%
revlon
19%
covergirl
15%
summer fridays
15%
glossier
12%
tower 28
12%
dove
8%
flower
8%
glow recipe
8%
ilia
8%
kosas
8%
laneige
8%
saie
8%
bath & body works
4%
cetaphil
4%
equate
4%
lubriderm
4%
moroccanoil
4%
roc
4%
st ives
4%
the body shop
4%
the ordinary
4%
youth to the people
4%
bumble and bumble
0%
ecogel
0%
head and shoulders
0%
mario badescu
0%
No matching quizzes found
Score Distribution
Percent of People with Each Score
Percentile by Number Answered
Your Score History
You have not taken this quiz